00919nam a22002297a 4500003000900000005001700009008003100026020001500057040002200072082002700094100003500121245015000156250000600306260007500312300002800387590002600415651003600441910005100477942001200528952013200540999001700672DO-SdBNP20231123082241.0161031b1976 pr a 00| 0 spa d a0847708114 aBPMSUbspacBPMSU a972.95bF363c 19762221 aFernández Méndez, Eugenio.00aCronicas de Puerto Rico :bdesde la conquista hasta nuestros días (1493-1955) /cselección, introd. y notas por Eugenio Fernández Méndez. a  aPuerto Rico : bEditorial U.P.R. ;bUniversidad de Puerto Rico, c1976 a694 p. : bil.c23 cm.  aInventariado, 2023/VM 4aPuerto RicoxHistoriavFuentes. aYLOCKWARD/ VMateo V. Control de calidad. BPMSU 2ddccBK 00102ddc40708CGaBPMETbBPMETd2017-11-21eFUNDI l0oBPMSU CG 972.95 F363c 1976pBPMSU17110307r2017-11-21w2017-11-21yBK c12992d12992